000 00980nas a2200325 4500
001 BR0902413
003 BR-BrBNA
005 20231205113338.0
007 ta
008 230509b bl.|||p| |||| 00| 00por d
040 _aBR-BrBNA
_bpor
_cBiblioteca Nacional de Agricultura
041 _a(En)
072 _aQ02
100 1 _aCorrêa, J.L.G.
100 1 _aBatista, M.B.
100 1 _aCosta, A.R.S.
100 1 _aBelo, F.A.
100 1 _aFiorenze, R.
245 1 _aAnalysis of osmotic dehydration variables: Influences on tomato (Licopersicon esculentum)drying
650 _aTOMATE
650 _aDESIDRATAÇÃO
650 _aOSMOSE
650 _aFISIOLOGIA
650 _aSECAGEM
650 _aTEMPERATURA
650 _aTECNOLOGIA DE ALIMENTO
773 0 _tBoletim do Centro de Pesquisa e Processamento de Alimentos (Brazil)
_xISSN 0102-0323
_g(Jul-Dec 2007), v. 25(2) p. 315-328
_wBR0902413
909 _a202311
_bLúcia
_c55
_dLúcia Elande
942 _2AGRIS
_n0
_cANA
999 _c203270
_d203270